000 00648nam a2200301Ia 4500
005 20260401122417.0
008 008 250103s9999 xx 000 0 eng d
020 _a9788131516560
037 _aTB
040 _aEDL
040 _beng
040 _cEDL
041 _2eng
041 _aeng
084 _a410 FIN
084 _qEDL
100 _aFinegan, Edward
_91233527
245 0 _aLanguage: Its Structure and Use
245 0 _cFinegan, Edward
260 _aAndover
260 _bCengage
260 _c2012
300 _a564p
942 _cTB
942 _h410 FIN
999 _c1847095
_d1847095